000
00300nam a2200121Ia 4500
008
190216s9999||||xx |||||||||||||| ||und||
100
_a
Luniya V N
245
0
_a
Evolution Of Indian Culture
260
_b
Lakshmi Narain Agarwal Pub
_c
1983
300
_a
560p
650
_a
Indian History
942
_c
BK
999
_c
19239
_d
19239